Undergraduate analysis

Αποθηκεύτηκε σε:
Λεπτομέρειες βιβλιογραφικής εγγραφής
Κύριος συγγραφέας: Lang, Serge 1927-2005
Μορφή: Βιβλίο
Γλώσσα:English
Δημοσίευση: New York : Springer-Verlag, c1997
Έκδοση:2nd ed.
Σειρά:Undergraduate texts in mathematics
Θέματα:
Ετικέτες: Προσθήκη ετικέτας
Δεν υπάρχουν, Καταχωρήστε ετικέτα πρώτοι!

MARC

LEADER 00000nam a2200000 i 4500
001 1/98139
008 000117s1997 eng d
020 |a 0-387-90800-5 
035 |l 10056404 
040 |a GR-MY-UA  |b gre  |e aacr 
041 0 |a eng 
082 0 |a 515.8 
100 1 |a Lang, Serge  |d 1927-2005. 
245 1 0 |a Undergraduate analysis /  |c Serge Lang 
250 |a 2nd ed. 
260 |a New York :   |b Springer-Verlag,   |c c1997 
300 |a xv, 642 σ.;  |b εικ.;  |c 25 εκ. 
490 1 |a Undergraduate texts in mathematics 
504 |a Περιέχει βιβλιογραφικές παραπομπές και ευρετήριο 
650 0 0 |a Mathematical analysis. 
830 0 |a Undergraduate texts in mathematics 
852 |a INST  |b LESVOS  |e 20000117  |h 515.8 LAN  |p 005100021988  |q 005100021988  |t BK  |y 0 
901 |a BIBL1-2000-1 
909 |a Λ  |b 072765 
922 |a 1ΕΛΗ  |b 199912  |c ΤΑΚ/ΜΥΡΙΤΖΗΣ  |d ΠΑΠΑΣΩΤΗΡΙΟΥ 
950 |a 182-1999-10-11 
970 |a ΤΖΑΦΕΡΗ  |b ΕΥΑΓΓΕΛΙΑ  |z 2000/02/01